000 00928nam a2200277Ia 4500
003 OSt
005 20221005103255.0
006 a|||||r|||| 00| 0
007 ta
008 221004b |||||||| |||| 00| 0 hin d
020 _cIndian Rupees 250
024 _a70432
037 _bGift, 26/11/2021,
_cTextual
040 _aCRL
_cCRL
_bhin
041 _2hin
_ahin
082 _aO152,1x, Q8
100 _aअनुराग ‘गै़र’, ले.
245 0 _aखेत के पॉंव
246 _aKhet ke paॉanva
260 _aगाजियाबाद
_bगगन स्वर बुक्स भारत
_c2018
300 _a192पृ0
_ccm.
650 _a हिन्दी साहित्य
650 _aहिन्दी कविता
942 _hO152,1x, Q8
_cTEXL
_2cc
999 _c1009760
_d1009760